HYDROLOGICAL AND LIMNOLOGICAL ASPCETS / (Record no. 587242)

000 -LEADER
fixed length control field 00381nam a22001337a 4500
020 ## - INTERNATIONAL STANDARD BOOK NUMBER
Qualifying information HB.
040 ## - CATALOGING SOURCE
Transcribing agency FIZZA ISHAQ
082 ## - DEWEY DECIMAL CLASSIFICATION NUMBER
Classification number 628.161
Author Mark PAR
100 ## - MAIN ENTRY--PERSONAL NAME
Personal name ZIGLIO, GIULIANO HEINONEN PARTTI.
9 (RLIN) 86085
245 ## - TITLE STATEMENT
Title HYDROLOGICAL AND LIMNOLOGICAL ASPCETS /
Statement of responsibility, etc. PARTTI HEINONEN GIULIANO ZIGLIO.
260 ## - PUBLICATION, DISTRIBUTION, ETC.
Place of publication, distribution, etc. NEW YORK :
Name of publisher, distributor, etc. JHON WILEY SON,
Date of publication, distribution, etc. 2000.
300 ## - PHYSICAL DESCRIPTION
Extent 372 P. ;
942 ## - ADDED ENTRY ELEMENTS (KOHA)
Source of classification or shelving scheme
Koha item type Book
Holdings
Withdrawn status Lost status Source of classification or shelving scheme Damaged status Not for loan Permanent Location Current Location Date acquired Total Checkouts Full call number Date last seen Copy number Price effective from Koha item type
          NUST Baluchistan Campus (NBC) NUST Baluchistan Campus (NBC) 12/08/2021   628.161 PAR 12/08/2021 Q-2136 12/08/2021 Book
© 2023 Central Library, National University of Sciences and Technology. All Rights Reserved.